Gramática latina en verso castellano ó Modo nuevo de enseñar la lengua latina / (Record no. 162956)

MARC details
000 -LEADER
campo de control de longitud fija 00668nam a22001815i 4500
001 - NÚMERO DE CONTROL
campo de control 162956
003 - IDENTIFICADOR DE NÚMERO DE CONTROL
campo de control ES-MaACL
005 - FECHA Y HORA DE LA ÚLTIMA TRANSACCIÓN
campo de control 20230906212633.0
008 - DATOS DE LONGITUD FIJA--INFORMACIÓN GENERAL
campo de control de longitud fija 951113s1805 sp |||| | spa d
040 ## - FUENTE DE CATALOGACIÓN
Centro catalogador/agencia de origen GA
Lengua de catalogación spa
Centro/agencia transcriptor CCPB | SIC
100 1# - ENTRADA PRINCIPAL--NOMBRE DE PERSONA
Nombre de persona Ramos Vallina, Juan.
9 (RLIN) 131579
245 10 - MENCIÓN DEL TÍTULO
Título Gramática latina en verso castellano ó Modo nuevo de enseñar la lengua latina /
Mención de responsabilidad, etc. su autor Don Juan Ramos Vallina...
260 ## - PUBLICACIÓN, DISTRIBUCIÓN, ETC.
Lugar de publicación, distribución, etc. Madrid :
Nombre del editor, distribuidor, etc. [s.n.],
Fecha de publicación, distribución, etc. 1805 (
Fabricante en la oficina de Don Benito García y Compañía)
300 ## - DESCRIPCIÓN FÍSICA
Extensión XVI, 367 p. ;
Dimensiones 16 cm.
740 01 - ENTRADA AGREGADA--TÍTULO RELACIONADO/ANALÍTICO NO CONTROLADO
Título relacionado o analítico no controlado Modo nuevo de enseñar la lengua latina.
752 ## - ENTRADA AGREGADA--NOMBRE JERÁRQUICO DEL LUGAR
País o entidad superior España -
Ciudad Madrid
852 ## - LOCALIZACIÓN
Ubicación ES-MaACL
Número de control de estantería D-3839
Nota libre -- Rust.
Holdings
Estatus retirado Estado de pérdida Estado de daño No para préstamo Colección Biblioteca de origen Biblioteca actual Ubicación en estantería Fecha de adquisición Fuente de adquisición Total de préstamos Signatura topográfica completa Código de barras Visto por última vez Precio de reemplazo Tipo de ítem Koha
        Libros del s. XIX Biblioteca del Ateneo de Madrid Biblioteca del Ateneo de Madrid Sala Valle Inclán 17/01/2008     D-3839 901170736 23/02/2023 23/02/2023 Libro impreso antiguo